| 000 | 00579nam a2200205 i 4500 | ||
|---|---|---|---|
| 001 | 103634 | ||
| 003 | ES-MaACL | ||
| 005 | 20230906183419.0 | ||
| 007 | t| | ||
| 008 | 060426s1976 sp ||||1| spa d | ||
| 020 | _a84-85046-26-9 | ||
| 080 | _a321.727(460) | ||
| 100 | 1 |
_aGonzález-Doria, Fernando. _958605 |
|
| 245 | 1 | 1 |
_a¿Por qué la monarquía? / _cFernando González-Doria. |
| 250 | _a1ª ed. | ||
| 260 |
_a[Madrid] : _bMirasierra, _c1976. |
||
| 300 |
_a181 p. : _bil. ; _c21 cm. |
||
| 650 | 4 |
_aMonarquía- _zEspaña. _915144 |
|
| 852 |
_aES-MaACL _jG-9157 _bR.137413 |
||
| 999 |
_c103634 _d103634 |
||